Statistics for The First 30 Elements of the Periodic Table

Click here to take the quiz!

General Stats

  • This quiz has been taken 177 times
  • The average score is 23 of 30

Answer Stats

#Element% Correct
1Hydrogen
99%
2Helium
97%
8Oxygen
93%
3Lithium
91%
6Carbon
89%
7Nitrogen
89%
12Magnesium
84%
10Neon
84%
4Beryllium
83%
19Potassium
83%
17Chlorine
80%
5Boron
79%
29Copper
79%
9Flourine
79%
11Sodium
78%
26Iron
75%
16Sulfur
75%
13Aluminum
72%
18Argon
72%
20Calcium
72%
27Cobalt
72%
14Silicon
70%
15Phosphorus
68%
28Nickel
67%
30Zinc
64%
22Titanium
59%
25Manganese
57%
23Vanadium
57%
21Scandium
50%
24Chromium
47%

Score Distribution

Percentile by Number Answered

Percent of People with Each Score

Your Score History

You have not taken this quiz